[Event "Lovsprings op 06th D"]
[Site "Ringsted"]
[Date "1994.05.08"]
[Round "6"]
[White "Petersen, Torben William"]
[Black "Pedersen, Jens Peter Fischer"]
[Result "0-1"]
[WhiteElo "1438"]
[BlackElo "1523"]
[PlyCount "66"]
[EventDate "1994.03.27"]
[EventType "swiss"]
[EventRounds "7"]
[EventCountry "DEN"]
[SourceTitle "EXT 2023"]
[Source "ChessBase"]
[SourceDate "2022.10.05"]
[SourceVersion "1"]
[SourceVersionDate "2022.10.05"]
[SourceQuality "1"]

1. d4 f5 2. Bg5 Nf6 3. Bxf6 exf6 4. Nf3 d5 5. e3 Bd6 6. Bd3 c5 7. c3 c4 8. Bc2 Nc6 9. 0-0 Be6 10. Nbd2 Qc7 11. Re1 g5 12. h3 h5 13. e4 fxe4 14. Nxe4 dxe4 15. Bxe4 0-0-0 16. Bxc6 Qxc6 17. Rxe6 Bh2+ 18. Nxh2 Qxe6 19. Qf1 Rde8 20. Nf3 g4 21. Re1 Qd5 22. Rxe8+ Rxe8 23. hxg4 hxg4 24. Nh2 f5 25. Qd1 Rh8 26. Nf1 Kb8 27. Ne3 Qd6 28. g3 Qe6 29. d5 Qh6 30. Kf1 Qh1+ 31. Ke2 Qf3+ 32. Ke1 Rh1+ 33. Nf1 Rxf1+ 0-1

[Event "Lovsprings op 06th D"]
[Site "Ringsted"]
[Date "1994.03.27"]
[Round "1"]
[White "Pedersen, Jens Peter Fischer"]
[Black "Kjeldsen, Leif"]
[Result "1/2-1/2"]
[WhiteElo "1523"]
[BlackElo "1530"]
[PlyCount "44"]
[EventDate "1994.03.27"]
[EventType "swiss"]
[EventRounds "7"]
[EventCountry "DEN"]
[SourceTitle "EXT 2023"]
[Source "ChessBase"]
[SourceDate "2022.10.05"]
[SourceVersion "1"]
[SourceVersionDate "2022.10.05"]
[SourceQuality "1"]

1. e4 c5 2. d4 cxd4 3. c3 Nc6 4. cxd4 e6 5. Nf3 Nf6 6. Nc3 d6 7. d5 exd5 8. exd5 Ne5 9. Bb5+ Bd7 10. Qe2 Qe7 11. 0-0 Nxf3+ 12. Qxf3 Bxb5 13. Nxb5 Qd7 14. Re1+ Be7 15. Bg5 0-0 16. Nd4 Rae8 17. Nf5 Bd8 18. Qh3 Qc7 19. Bh6 Rxe1+ 20. Rxe1 Qa5 21. Kf1 Re8 22. Rxe8+ Nxe8 1/2-1/2